UBT Library

Wegweiser : (Record no. 344)

000 -LEADER
fixed length control field 00542nam a22001817a 4500
008 - FIXED-LENGTH DATA ELEMENTS--GENERAL INFORMATION
fixed length control field 131125b xxu||||| |||| 00| 0 ger d
041 0# - LANGUAGE CODE
Language code of text/sound track or separate title ger
080 ## - UNIVERSAL DECIMAL CLASSIFICATION NUMBER
Universal Decimal Classification number 342.25
Common auxiliary subdivision (436)
100 1# - Rafti
Rafti Neuhofer, Hans
245 10 - TITLE STATEMENT
Title Wegweiser :
Statement of responsibility, etc Hans Neuhofer
250 ## -
-- 43. Auflage
260 ## -
-- Landes Verlag ;
-- 1993.
300 ## -
-- 398 f. :
-- 21 cm.
500 ## -
-- Vorwort zur 43. auflage (1993) : f. III
650 #0 -
-- Legjislacioni
-- Austria
650 #0 -
-- Legjislacioni federal
-- Austria
942 ## - ADDED ENTRY ELEMENTS (KOHA)
Source of classification or shelving scheme
Item type Books
Holdings
Withdrawn status Lost status Source of classification or shelving scheme Damaged status Not for loan Collection code Permanent location Current location Shelving location Date acquired Total Checkouts Full call number Barcode Date last seen Price effective from Koha item type
          Koleksioni i përgjithshem UBT - Prishtine UBT - Prishtine Koleksioni i përgjithshem 11/25/2013   342.25 (436) NEU 001-000452 11/25/2013 11/25/2013 Books
UBT Library © 2015-2024. All rights reserved University Education for Business and Technology